000 00276nam a22001217a 4500
082 _a823
_bPUR/D
100 _aPURUSHOTHANAN, SUNITHA
245 _aPUSS IN BOOTS
_bLET'S READ ALOUD
260 _aDELHI
_bBOOK PALACE
300 _a16
650 _aENGLISH SHORT STORY
942 _cBK
999 _c3344
_d3344